|
|
|
|
| LEADER |
00000nam a2200000 a 4500 |
| 001 |
vtls001290051 |
| 003 |
SK-MaSNL |
| 005 |
20260301113523.0 |
| 008 |
251124s1993 DE 0 ger |
| 020 |
|
|
|a 3540558969
|c [3861,00]
|
| 035 |
|
|
|a SNK000241680
|
| 040 |
|
|
|a SNK
|b slo
|c SNK
|e AACR2
|
| 044 |
|
|
|a DE
|
| 080 |
|
|
|a 676.017
|2 1981
|
| 245 |
1 |
|
|a Prüfung von Papier, Pappe, Zellstoff und Holzstoff
|n Band 3
|p Physikalisch-technologische Prüfung der Papierfaserstoffe
|c Werner Franke (Hrsg.) ; herausgegeben von Werner Franke
|
| 260 |
|
|
|a Berlin [etc.]
|b Springer
|c 1993
|
| 300 |
|
|
|a xv, 252 s.
|c 24 cm
|
| 650 |
0 |
7 |
|a papier
|x skúšanie
|x príručky
|2 SNK
|9 455773
|
| 650 |
0 |
7 |
|a príručky
|2 SNK
|9 308973
|
| 650 |
0 |
7 |
|a vláknina (priemysel)
|2 SNKPH
|9 183874
|
| 700 |
1 |
|
|a Franke, Werner
|4 upr
|9 455774
|
| 919 |
|
|
|a 3-540-55896-9
|
| 999 |
|
|
|c 714539
|d 716469
|
| 952 |
|
|
|t P60, <04>, [BOOK], {604}
|a SNK
|b SNK
|y VYP
|7 0
|p 17A0063472
|o snkIC 126640/3
|i snkV 1424/97
|3 Vrátené z príručnej knižnice.
|0 0
|1 0
|4 0
|d 1997-06-13
|l 0
|r 2005-01-02 00:00:00
|w 2026-02-23
|